| 000 | 00000nam 2200000zi 4500 |
| 001 | 9.873524 |
| 003 | CaOODSP |
| 005 | 20241203113649 |
| 006 | m o d f |
| 007 | cr bn||||||||| |
| 008 | 190524e198902##onca ob f000 0 eng d |
| 040 | |aCaOODSP|beng|erda|cCaOODSP |
| 041 | |aeng|bfre |
| 043 | |an-cn--- |
| 086 | 1 |aEn13-5/89-61E-PDF |
| 100 | 1 |aWeng, Jin-Hua, |eauthor. |
| 245 | 10|aPhotodegradation of the dyestuff Disperse Blue 26 in water / |cby Jin-Hua Weng and R. James Maguire. |
| 264 | 1|aBurlington, Ontario : |bRivers Research Branch, National Water Research Institute, Canada Centre for Inland Waters, |cFebruary 1989. |
| 300 | |a1 online resource (11, [9] pages) : |billustrations. |
| 336 | |atext|btxt|2rdacontent |
| 337 | |acomputer|bc|2rdamedia |
| 338 | |aonline resource|bcr|2rdacarrier |
| 490 | 1 |aNWRI contribution ; |vno. 89-61 |
| 500 | |aDigitized edition from print [produced by Environment and Climate Change Canada]. |
| 504 | |aIncludes bibliographical references (pages 9-11). |
| 520 | 3 |a"The photodegradation of the dyestuff Disperse Blue 26 has been studied in sunlight and under 300 nm light in organic-free water and in natural waters. Dissolved humic acid has been demonstrated to promote the photodecomposition of the dye. The results indicate that the half-life of sunlight degradation of the dye in near-surface waters will be of the order of a few days in summer to a few weeks in winter. Moreover, photolysis will be retarded at depths greater than a few decimetres to two metres, and may be retarded by the predicted slight tendency of Disperse Blue 26 to partition to sediment"--Abstract. |
| 546 | |aIncludes management perspective and abstract in French. |
| 692 | 07|2gccst|aWater management |
| 700 | 1 |aMaguire, James, |eauthor. |
| 710 | 1 |aCanada. |bEnvironment Canada. |
| 710 | 2 |aNational Water Research Institute (Canada). |bRivers Research Branch. |
| 710 | 2 |aCanada Centre for Inland Waters. |
| 830 | #0|aNWRI contribution ;|vno. 89-61.|w(CaOODSP)9.844121 |
| 856 | 40|qPDF|s1.51 MB|uhttps://publications.gc.ca/collections/collection_2019/eccc/en13-5/En13-5-89-61-eng.pdf |